Removal of Crystal Violet dye from aqueous solution using water hyacinth: Equilibrium, kinetics and thermodynamics study; Resource-Efficient Technologies; Vol. 3, iss. 1 : TECHNOSCAPE 2016: International Conference on Separation Technologies in Chemical, Biochemical, Petroleum and Environmental Engineering

Dades bibliogràfiques
Parent link:Resource-Efficient Technologies: electronic scientific journal/ National Research Tomsk Polytechnic University (TPU).— , 2015-.— 2405-6537
Vol. 3, iss. 1 : TECHNOSCAPE 2016: International Conference on Separation Technologies in Chemical, Biochemical, Petroleum and Environmental Engineering.— 2017.— [P. 71–77]
Altres autors: Rajeswari Kulkarni M., Revanth T., Anirudh Acharya, Prasad Bhat
Sumari:Title screen
Effluent water from dyeing industries has now for long been a taxing issue. Of the various dyes which are extremely toxic, Crystal Violet which is used in the dyeing industry is known for its mutagenic and mitotic poisoning nature. Water hyacinth (Eichhornia crassipes) is a perennial aquatic plant notorious for its rapid invasive growth on the surface of water bodies causing ill-effects on the biodiversity. The potential of powdered roots of water hyacinth was studied for decolorization of Crystal Violet dye. Influence of parameters such as initial pH (2.0-10.0), initial dye concentration (100-500 ppm), biosorbent dosage (0.5-5 g/l), contact time (10-240 min) and temperature (300-323 K) were examined. Maximum removal of dye was observed at pH 7.8. The obtained data were fit into different kinetic models and the biosorption was found to follow pseudo second order kinetic model. The Langmuir monolayer biosorption capacity of water hyacinth was estimated as 322.58 mg/g. The study has demonstrated water hyacinth as a potential low cost biosorbent for effective removal of Crystal Violet dye from aqueous solution.
Idioma:anglès
Publicat: 2017
Matèries:
Accés en línia:http://earchive.tpu.ru/handle/11683/50341
Format: MixedMaterials Electrònic Capítol de llibre
KOHA link:https://koha.lib.tpu.ru/cgi-bin/koha/opac-detail.pl?biblionumber=572516

MARC

LEADER 00000naa2a2200000 4500
001 572516
005 20231101125448.0
035 |a (RuTPU)RU\TPU\prd\270577 
035 |a RU\TPU\prd\270576 
090 |a 572516 
100 |a 20170327a2017 k y0rusy50 ba 
101 0 |a eng 
102 |a RU 
135 |a drcn ---uucaa 
200 1 |a Removal of Crystal Violet dye from aqueous solution using water hyacinth: Equilibrium, kinetics and thermodynamics study  |b Electronic resource  |f M. Rajeswari Kulkarni [et al.] 
203 |a Text  |c electronic 
300 |a Title screen 
320 |a [References: p. 76-77 (31 tit.)] 
330 |a Effluent water from dyeing industries has now for long been a taxing issue. Of the various dyes which are extremely toxic, Crystal Violet which is used in the dyeing industry is known for its mutagenic and mitotic poisoning nature. Water hyacinth (Eichhornia crassipes) is a perennial aquatic plant notorious for its rapid invasive growth on the surface of water bodies causing ill-effects on the biodiversity. The potential of powdered roots of water hyacinth was studied for decolorization of Crystal Violet dye. Influence of parameters such as initial pH (2.0-10.0), initial dye concentration (100-500 ppm), biosorbent dosage (0.5-5 g/l), contact time (10-240 min) and temperature (300-323 K) were examined. Maximum removal of dye was observed at pH 7.8. The obtained data were fit into different kinetic models and the biosorption was found to follow pseudo second order kinetic model. The Langmuir monolayer biosorption capacity of water hyacinth was estimated as 322.58 mg/g. The study has demonstrated water hyacinth as a potential low cost biosorbent for effective removal of Crystal Violet dye from aqueous solution. 
461 1 |0 (RuTPU)RU\TPU\prd\247369  |x 2405-6537  |t Resource-Efficient Technologies  |o electronic scientific journal  |f National Research Tomsk Polytechnic University (TPU)  |d 2015- 
463 1 |0 (RuTPU)RU\TPU\prd\270566  |t Vol. 3, iss. 1 : TECHNOSCAPE 2016: International Conference on Separation Technologies in Chemical, Biochemical, Petroleum and Environmental Engineering  |v [P. 71–77]  |d 2017 
610 1 |a труды учёных ТПУ 
610 1 |a электронный ресурс 
610 1 |a isotherm 
610 1 |a thermodynamics 
610 1 |a kinetics 
610 1 |a изотермы 
610 1 |a термодинамика 
610 1 |a кинетика 
701 1 |a Rajeswari Kulkarni  |b M. 
701 1 |a Revanth  |b T. 
701 0 |a Anirudh Acharya 
701 0 |a Prasad Bhat 
801 1 |a RU  |b 63413507  |c 20090623  |g PSBO 
801 2 |a RU  |b 63413507  |c 20180831  |g PSBO 
856 4 |u http://earchive.tpu.ru/handle/11683/50341 
942 |c BK